00258nam a22000977a 4500008004100000082001700041100001800058245006500076260001000141300000900151230626b xxu||||| |||| 00| 0 eng d a331.137bWAN cMaina Wanjigi aReport of the Presidential Committee on Unemployment 1982/83 aKenya a261p